London Olympics Bill (Record no. 104466)

MARC details
000 -LEADER
fixed length control field 00886cam a2200181 4500
001 - CONTROL NUMBER
control field L130482
008 - FIXED-LENGTH DATA ELEMENTS--GENERAL INFORMATION
fixed length control field 050803n2005 000 0 eng u
020 ## - INTERNATIONAL STANDARD BOOK NUMBER
International Standard Book Number 0215706080
035 ## - SYSTEM CONTROL NUMBER
System control number (Sirsi) u130482
041 ## - LANGUAGE CODE
Language code of text/sound track or separate title eng
245 ## - TITLE STATEMENT
Title London Olympics Bill
260 ## - PUBLICATION, DISTRIBUTION, ETC.
Place of publication, distribution, etc. London
Name of publisher, distributor, etc. HMSO
Date of publication, distribution, etc. 2005
520 ## - SUMMARY, ETC.
Summary, etc. The London Olympics Bill, as mentioned in the Queen's Speech, sets out the necessary requirements in order to make provision in connection with the Olympic Games and Paralympic Games that are to take place in London in the year 2012.
590 ## - LOCAL NOTE (RLIN)
Local note IKA160805
690 ## - LOCAL SUBJECT ADDED ENTRY--TOPICAL TERM (OCLC, RLIN)
Topical term or geographic name as entry element PROPERTY-COMMERCIAL PROPERTY-LEISURE PROPERTY-SPORTS PROPERTY-STADIUM, ARENA AND SPORT COMPLEX PROPERTY-STADIA, ARENAS AND COMPLEXES
856 ## - ELECTRONIC LOCATION AND ACCESS
Uniform Resource Identifier <a href="https://www.publications.parliament.uk/pa/cm200506/cmbills/045/06045.i-iv.html">https://www.publications.parliament.uk/pa/cm200506/cmbills/045/06045.i-iv.html</a>
Public note View the item free of charge at www.parliament.uk/index.cfm...
942 ## - ADDED ENTRY ELEMENTS (KOHA)
Suppress in OPAC 0
Holdings
Withdrawn status Lost status Source of classification or shelving scheme Damaged status Not for loan Home library Current library Shelving location Date acquired Total Checkouts Full call number Barcode Date last seen Copy number Price effective from Koha item type
    Dewey Decimal Classification     Virtual Virtual Online 03/08/2005   ONLINE PUBLICATION 130482-2001 06/08/2019 1 06/08/2019 Book